000 00537nam a22001937a 4500
003 KOHA_MİRAKIL
005 20251202061938.0
008 251202b tu ||||| |||| 00| 0 tur d
020 _a9786052640579
040 _aTR-AnABB
_btur
_cTR-AnABB
041 _atur
082 _a320.01
_bERG 2022
100 1 _aErgül, Ergin,
245 1 0 _aFarabi'de kamu hukuku ve siyaset bilimi /
_c Ergin Ergül
260 _aAnkara :
_bAdalet Yayınevi,
_c2022
300 _a444 sayfa ;
_c20 cm
650 0 4 _aKamu hukuku
942 _2ddc
_cBK
999 _c9686
_d9686
900 _bGizem YORULMAZ